Sports Quiz

Random Sports or NHL Quiz

Begins and Ends: Big 4 Teams Quiz Stats

 Plays Quiz Updated Dec 29, 2017

Score 0/20 Timer 04:00
24 Plays Today
Begins and Ends Team % Correct
J _ _ _ _ _ _ _ _ _ _ E    J _ _ _ _ _ SJacksonville Jaguars
85%
I _ _ _ _ _ A    P _ _ _ _ SIndiana Pacers
84.1%
D _ _ _ _ _ T    T _ _ _ _ SDetroit Tigers
81.6%
O _ _ _ _ _ O    M _ _ _ COrlando Magic
80.8%
V _ _ _ _ _ _ _ R    C _ _ _ _ _ SVancouver Canucks
79.3%
D _ _ _ _ S    S _ _ _ SDallas Stars
76%
H _ _ _ _ _ N    T _ _ _ _ SHouston Texans
74.8%
W _ _ _ _ _ _ _ _ N    C _ _ _ _ _ _ SWashington Capitals
74%
D _ _ _ _ R    N _ _ _ _ _ SDenver Nuggets
73.5%
A _ _ _ _ _ A    D _ _ _ _ _ _ _ _ _ _ SArizona Diamondbacks
73.3%
Begins and Ends Team % Correct
P _ _ _ _ _ _ _ _ _ _ A    P _ _ _ _ _ _ SPhiladelphia Phillies
73%
C _ _ _ _ _ _ S    B _ _ E    J _ _ _ _ _ SColumbus Blue Jackets
70.9%
M _ _ _ _ _ _ _ A    T _ _ _ SMinnesota Twins
69.9%
C _ _ _ _ _ _ O    A _ _ _ _ _ _ _ EColorado Avalanche
68.8%
A _ _ _ _ _ A    H _ _ _ SAtlanta Hawks
67.4%
B _ _ _ _ _ O    B _ _ _ SBuffalo Bills
65%
C _ _ _ _ _ _ A    P _ _ _ _ _ _ SCarolina Panthers
64%
S _ _ _ _ _ E    M _ _ _ _ _ _ SSeattle Mariners
62.2%
M _ _ _ _ _ S    G _ _ _ _ _ _ _ SMemphis Grizzlies
50.1%
O _ _ _ _ _ D    R _ _ _ _ _ SOakland Raiders
49.9%

You're not logged in!

Compare scores with friends on all Sporcle quizzes.
OR
Log In

You Might Also Like...

Show Comments

Extras

Top Quizzes Today


Score Distribution

Your Account Isn't Verified!

In order to create a playlist on Sporcle, you need to verify the email address you used during registration. Go to your Sporcle Settings to finish the process.

Report this User

Report this user for behavior that violates our Community Guidelines.

Details: